000
00300nam a22001217a 4500
008
160519b xxu||||| |||| 00| 0 eng d
020
_a
9780683085075
020
_a
0683085077
041
_a
eng
080
_a
61
245
_a
Guide to clinical preventive services:
_c
William Wilikins;
942
_2
udc
_c
BK
999
_c
2273
_d
2273